Návrh mazacej sústavy pre vozidlový spaľovací motor

Enregistré dans:
Détails bibliographiques
Auteur principal: Vaculčiak, Dávid (Auteur)
Autres auteurs: Petrák, Peter (Directeur de thèse)
Format: Manuscrit Livre
Langue:slovaque
Publié: 2020
Sujets:
Accès en ligne:http://is.stuba.sk/zp/portal_zp.pl?podrobnosti=159330
Tags: Ajouter un tag
Pas de tags, Soyez le premier à ajouter un tag!

MARC

LEADER 00000ntm a22000003a 4500
001 stuzp80327
003 SK-STU
005 20200711210938.7
007 ta
008 150427s2015----xo-----f-mn---000-0-slo-d
040 |a STU  |b slo 
041 0 |a slo 
100 1 |a Vaculčiak, Dávid  |u 020030  |4 aut  |U SjF Strojnícka fakulta  |T SjF Ústav dopravnej techniky a konštruovania  |X 93317  |U J0030  |Y 806  |7 93317 
242 0 1 |a Design of a lubrication system for an internal combustion engine  |y eng 
245 1 0 |a Návrh mazacej sústavy pre vozidlový spaľovací motor 
260 |c 2020 
650 4 |a dry crank sump  |2 eng 
650 4 |a wett crank sump  |2 eng 
650 4 |a combustion engine  |2 eng 
650 4 |a lubrication  |2 eng 
650 4 |a suchá kľuková skriňa  |2 slo 
650 4 |a mokrá kľuková skriňa  |2 slo 
650 4 |a spaľovací motor  |2 slo 
650 4 |a mazanie  |2 slo 
700 1 |a Petrák, Peter  |u 020030  |k Z1  |4 ths  |U SjF Strojnícka fakulta  |T SjF Ústav dopravnej techniky a konštruovania  |X 2414  |U J0030  |Y 806  |7 A000002414 
856 4 |u http://is.stuba.sk/zp/portal_zp.pl?podrobnosti=159330